Návrh sociálnych inovácií za účelom zlepšenia spokojnosti a motivácie zamestnancov v priemyselných podnikoch Slovenskej republiky

Gespeichert in:
Bibliographische Detailangaben
1. Verfasser: Jurenka, Richard (Verfasst von)
Weitere Verfasser: Cagáňová, Dagmar (Betreuung Doktorarbeit)
Format: Manuskript Buch
Sprache:Slowakisch
Veröffentlicht: 2019
Schlagworte:
Online-Zugang:http://is.stuba.sk/zp/portal_zp.pl?podrobnosti=132473
Tags: Tag hinzufügen
Keine Tags, Fügen Sie das erste Tag hinzu!

MARC

LEADER 00000ntm a22000003a 4500
001 stuzp56814
003 SK-STU
005 20190918141230.6
007 ta
008 150427s2015----xo-----f-mn---000-0-slo-d
035 |a biblio/136758  |2 CREPC2 
040 |a STU  |b slo 
041 0 |a slo 
044 |a xo 
100 1 |a Jurenka, Richard  |u 064000  |k Z3  |4 aut  |9 100  |U MTF Materiálovotechnologická fakulta  |T MTF Ústav priemyselného inžinierstva a manažmentu  |X 7024  |U M4000  |Y 84  |7 A000007024 
242 0 1 |a Draft of social innovations in order to improve the satisfaction and motivation of employees in industrial companies of the Slovak Republic  |y eng 
245 1 0 |a Návrh sociálnych inovácií za účelom zlepšenia spokojnosti a motivácie zamestnancov v priemyselných podnikoch Slovenskej republiky 
260 |c 2019 
300 |a 158 s. 
650 4 |a inovácia  |2 slo 
650 4 |a sociálne inovácie  |2 slo 
650 4 |a motivácia  |2 slo 
650 4 |a spokojnosť  |2 slo 
650 4 |a lojalita  |2 slo 
650 4 |a innovation  |2 eng 
650 4 |a social innovations  |2 eng 
650 4 |a motivation  |2 eng 
650 4 |a satisfaction  |2 eng 
650 4 |a loyality  |2 eng 
700 1 |a Cagáňová, Dagmar  |u 064000  |k Z1  |4 ths  |U MTF Materiálovotechnologická fakulta  |T MTF Ústav priemyselného inžinierstva a manažmentu  |X 2785  |U M4000  |Y 84  |7 A000002785 
856 4 |u http://is.stuba.sk/zp/portal_zp.pl?podrobnosti=132473 
996 |c M* DzP-650  |l MMSKP  |s P  |a 0  |w stuzp56814_0001